MARKETING MANAGEMENT (Record no. 9662)
[ view plain ]
| 000 -LEADER | |
|---|---|
| fixed length control field | 00293nam a22001457a 4500 |
| 003 - CONTROL NUMBER IDENTIFIER | |
| control field | SGT |
| 082 ## - DEWEY DECIMAL CLASSIFICATION NUMBER | |
| Classification number | 658.8,KOT |
| 100 ## - MAIN ENTRY--PERSONAL NAME | |
| Personal name | KOTLER,PHILIP |
| 245 ## - TITLE STATEMENT | |
| Title | MARKETING MANAGEMENT |
| 250 ## - EDITION STATEMENT | |
| Edition statement | 11TH |
| 260 ## - PUBLICATION, DISTRIBUTION, ETC. (IMPRINT) | |
| Place of publication, distribution, etc | NEW DELHI |
| Name of publisher, distributor, etc | PHI |
| Year of Publication | 2003 |
| 300 ## - PAGE DESCRIPTION | |
| No. of Pages | 706 |
| 650 ## - SUBJECT ADDED ENTRY--TOPICAL TERM | |
| Topical term or geographic name as entry element | MARKETING |
| 942 ## - ADDED ENTRY ELEMENTS (KOHA) | |
| Source of classification or shelving scheme | Dewey Decimal Classification |
| Koha item type | Books |
| 942 ## - ADDED ENTRY ELEMENTS (KOHA) | |
| -- | 4 |
| Withdrawn status | Lost status | Source of classification or shelving scheme | Damaged status | Not for loan | Collection code | Home library | Current library | Shelving location | Date acquired | Vendor Name | SGTU | Total Checkouts | Total Renewals | Full call number | Accession No. (Barcode) | Date last seen | Date last borrowed | Bill Date | Koha item type |
|---|---|---|---|---|---|---|---|---|---|---|---|---|---|---|---|---|---|---|---|
| Dewey Decimal Classification | LAW | SGT Science & Social Sciences Library | SGT Science & Social Sciences Library | Reference Book | 26/07/2016 | GIFT BY DR. DILIP SINGH | SGTU | 15 | 3 | 658.8,KOT | FL256 | 11/03/2024 | 26/02/2024 | 26/07/2016 | Books |